Culture Générale par catégories - Statistiques

Statistiques générales
  • Ce quiz a été pris 1 007 fois
  • Le résultat moyen est 57 sur 150
Statistiques - réponses
Catégorie Indication Réponse % Correct
Cinéma* Industrie du cinéma populaire en Inde Bollywood
94%
Cinéma** Dans quel film Tom Hanks joue un simple d'esprit racontant les événements marquants de sa vie sur un banc ? Forrest Gump
86%
Géographie* Pays le plus peuplé au monde La chine
82%
Acteurs * Il a joué dans Men in Black, Bad Boys et I, Robot Will Smith
80%
Géographie*** La capitale de la Suisse Berne
76%
Monuments célèbres** Qui est représenté sur la célèbre statue se situant à Rio de Janeiro ? Le Christ
76%
Monuments célèbres* Que manque-t-il au sphinx de Gizeh et qui a été détruit ? Le nez
75%
Histoire* Comment s'appelaient les combattants à l'épée des arènes dans l'empire romain ? Les gladiateurs
73%
Dessins Animés* Quel animal est Tom dans "Tom et Jerry" ? Un chat
73%
Mythologies* Quelle animal en bois, pendant la guerre de Trois, Ulysse utilise-il pour pénétrer dans la ville ? Un cheval
70%
Flore** Quelle fleur est l'emblème du royaume de France ? Le lys
69%
Anatomie** L'autre nom du petit doigt L'auriculaire
68%
Physique et chimie* Quel élément chimique possède le symbole Mg ? Le magnésium
68%
Animaux*** L'animal terrestre le plus rapide du monde Le guépard
67%
Films d'animations* Quel animal est Nemo ? Un poisson clown
67%
BD et Mangas* Le chien de Tintin Milou
66%
BD et Mangas** Qui est l'ennemi juré des schtroumfs ? Gargamel
65%
Fiction* Animal ailé crachant du feu Un Dragon
65%
Français* Aller au futur simple à la 1ere personne du singulier J'irai
64%
Mythologies** Quelle mythologie comprend les dieux Rê, Isis, Seth, Horus et Anubis ? La mythologie égyptienne
64%
Films d'animations** Dans quel film Rémy rêve de devenir un grand chef cuisinier à Paris ? Ratatouille
64%
Monuments célèbres*** Cathédrale à Barcelone dont les travaux ne sont toujours pas terminés depuis 1882. Sagrada Familia
64%
Alimentaire*** De quel pays provient l'emmental ? La Suisse
63%
Séries* En quoi se sont transformés les humains dans "The Walking Dead" ? Des zombies
62%
Animaux* Quels organes permettent aux poissons de respirer ? Les branchies
62%
Dessins Animés ** Quel insecte poursuit Oggy dans toute sa maison ? Des cafards
61%
Sport*** Dans quel sport Michael Phelps est-il le plus titré de l'histoire ? La natation
61%
Langues* Que veut dire " house " en anglais ? Maison
60%
Super-héros* Quel insecte pique Peter Parker, lui donnant ainsi ses pouvoirs ? Une araignée
60%
Fiction** Arme fictive maniée par les Jedi et les Sith Sabre laser
59%
Peinture * La couleur du ciel dans "La nuit étiolée" de Van gogh Bleu
58%
Mythologies*** Le nom de Zeus dans la mythologie romaine Jupiter
58%
Géographie***** Ancien réseau de routes commerciales qui reliait l'Europe et l'Asie. Elle tire son nom d'une marchandise précieuse à l'époque La route de la soie
58%
Français*** Classe grammaticale comprenant les mots "paisiblement" ou "très" Adverbe
55%
Mythologies**** Qui meurt pour avoir volé trop près du soleil en voulant s'échapper du labyrinthe crée par Dédale ? Icare
54%
BD et Mangas***** Quel groupe Français évoque le nom de Bob Morane dans leur chanson "L'aventurier" ? Indochine
54%
Jeux vidéos* Plombier à la casquette verte Luigi
54%
Peinture** Qui a peint "Guernica" ? Pablo Picasso
54%
Fiction*** Détective privé consultant crée par Sir Arthur Conan Doyle Sherlock Holmes
54%
Films d'animations*** Le tout premier grand film d'animation Disney au cinéma Blanche Neige
52%
Littérature**** Qui est l'auteur de "L'Albatros" dans le recueil de poésie "Les Fleurs du mal" ? Charles Baudelaire
52%
Animaux** Comment appelle-t-on les animaux qui vivent la nuit ? Nocturnes
52%
Anatomie* L'organe producteur de la bile Le foie
51%
Mathématiques** 6,5 multiplié par 4 ? 26
50%
Histoire*** Quel président américain a dirigé les États-Unis d'Amérique pendant la guerre de Sécession ? Abraham Lincoln
50%
Astronomie* Phénomène supposé être à l'origine de l'univers Le Big Bang
50%
Fiction**** De quel animal a peur Indiana Jones ? Les serpents
50%
Alimentaire** Nom désignant un fruit riche en vitamine C et celui d'un petit oiseau Un kiwi
50%
Langues*** La langue la plus parlée dans le monde Le mandarin
49%
Divertissements* Les 4 enseignes dans un jeu de cartes sont le Cœur, le Pique, le Carreau et.. ? Le trèfle
49%
Jeux vidéos** Entreprise multinationale japonaise fondée en 1889 qui vendait des cartes à jouer à ses débuts et sera à l'origine de la NES Nintendo
49%
Divertissements** Jeu enfantin pratiqué sur un schéma tracé au sol, en progressant de la terre au ciel à cloche-pied La marelle
47%
Monuments célèbres**** Quel métal composant la statue de la liberté s'est oxydé, lui donnant ainsi sa couleur verte ? Le cuivre
47%
BD et Mangas**** Comment s'appelle la personne réalisant des mangas ? Le mangaka
46%
Littérature** Genre littéraire où le drame se fonde sur l'attention d'une intrigue entouré d'une enquête. Roman policier
46%
Super-héros**** Quel pierre est le point faible de superman ? Kryptonite
45%
Musique* Style musical principal d'Eminem Le rap
45%
Astronomie** Planète du système solaire la plus proche du soleil Mercure
45%
Flore***** Quel fleur est généralement effeuillée pour refléter les sentiments de l'être aimé ? Une marguerite
45%
Inventions et découvertes** Il découvre le "Nouveau Monde" en 1492 Christophe Colomb
44%
Français** Quel accent remplace parfois la lettre "S" L'accent circonflexe
44%
Cinéma*** Le réalisateur de Shining Stanley Kubrick
44%
Sport* Pays où se sont déroulés les jeux olympiques d'été 2016 ? Brésil
43%
Divertissements**** Jeu de société populaire symbolisant certains aspects du capitalisme Le Monopoly
43%
Inventions et découvertes* Alexander Graham Bell est connu pour avoir inventé cet appareil nous permettant de communiquer à distance Le téléphone
43%
Acteurs *** Le premier à incarner James Bond au cinéma Sean Connery
43%
Alimentaire * Ragoût composé d'haricots blancs, de porc, de saucisson en tranches et d'oie. Le cassoulet
42%
Internet* Quelle boîte de messagerie appartient à Google ? Gmail
41%
Géographie**** La mer située entre l'Italie et les Balkans La mer Adriatique
40%
Littérature*** Figure de style visant à rapprocher 2 termes de sens contraires ( une obscure clarté ) Oxymore
40%
Mathématiques* Comment s'appelle le résultat d'une multiplication ? Un produit
40%
Films d'animations**** Comment se prénomme le garçon dont les jouets prennent vie lorsqu'il est absent ? Andy
39%
Musique** Album le plus vendu de tout les temps Thriller
38%
Cinéma**** Que chassent Peter Venkman, Ray Stantz et Egon Spengler dans un film de 1984 ? Des fantômes
37%
Musique***** Qui chantait "Au soleil, sous la pluie, à midi ou à minuit " ? Joe Dassin
37%
Musique*** Le chanteur du groupe Nirvana Kurt Cobain
37%
Histoire**** Durant quelle année la loi de séparation des Églises et de l'État a-t-elle été votée ? 1905
36%
Dessins Animés **** Qui est le corsaire de l'espace ? Albator
36%
Langues**** Que veut dire " queso " en espagnol ? Fromage
35%
Physique et chimie**** Quelle est l'unité de Poids ? Le Newton
35%
Géographie** La deuxième montagne la plus haute du monde (8611 mètres) Le K2
34%
Flore* Comment s'appellent les grains minuscules produit et contenues au sommet des étamines ? Le pollen
34%
Acteurs **** Il a joué le rôle d'un président américain, du directeur général de Wayne Enterprises, d'un pianiste aveugle et de Dieu Morgan Freeman
34%
Musique**** Où Michel Sardou dansait-il la Java ? Broadway
33%
Fiction***** Sortilège impardonnable dans la saga Harry Potter qui permet de faire souffrir quelqu'un Endoloris
33%
Sport***** Sport collectif de 2 équipes de 6 joueurs inventé en 1895 par un professeur de sport qui l'avait nommé la "mintonette". Volley-ball
33%
Séries**** Année de création de la série "Friends" 1994
32%
Films d'animations***** Qui est la sorcière des mers dans "La petite sirène" ? Ursula
32%
Dessins Animés***** Le nom du 2e plus petit des Daltons Jack
31%
Inventions et découvertes*** L'inventeur de l'imprimerie Johannes Gutenberg
31%
Langues** Que signifie " Thanatos " en grec ancien ? La mort
31%
Langues***** Dans quelle région parle-t-on le maori ? Nouvelle-Zélande
31%
Sport** Score maximal possible au bowling 300
30%
Séries** De quelle agence font partis Futé, Looping et barracuda ? L'agence tous risques
30%
Divertissements*** Pays à l'origine du jeu de construction LEGO Le Danemark
30%
Histoire***** Impôt royal sur le sel au Moyen-Age et à l'époque Moderne La gabelle
28%
Divertissements***** Quel mot suit normalement "Tintamarre" dans la chanson enfantine "Trois Petits Chats" ? Marabout
28%
Mathématiques**** Combien font 10 mètres cube en décilitres ? 100000
27%
Biologie*** Processus de division cellulaire en 2 cellules filles identiques La mitose
27%
Alimentaire**** Quel poisson apprécié au japon est mortel s'il est mal cuisiné ? Le fugu
27%
Alimentaire***** La 5e saveur après le sucré, le salé, l'amer, l'acide l'Umami
27%
BD et Mangas*** Il est capable d'atomiser n'importe quel adversaire en un seul coup. Et il est chauve aussi. Saitama
27%
Internet**** Signification de "www" dans les liens hypertextes World wide web
27%
Physique et chimie* Le changement d'état entre la phase solide et la phase liquide La fusion
26%
Séries*** Quel personnage surdoué interprète Frankie Muniz, rôle principal d'une sitcom américaine ? Malcolm
26%
Peinture**** Mouvement pictural né en France en 1860 et mettant l'accent sur les effets de la lumière et la sensation visuelle L'impressionnisme
25%
Français***** Courir au passé simple à la 2e personne du pluriel Vous courûtes
25%
Biologie***** Quels sont les versions variables d'un même gêne ? Les allèles
24%
Biologie** Cellule reproductrice spécialisée dans la fécondation Les gamètes
24%
Anatomie*** Quel os signifiant "petite clé" en latin est fréquemment fracturé ? La clavicule
23%
Cinéma***** Dans quelle ville un mystérieux justicier masqué se prénommant V se bat pour la liberté ? Londres
23%
Sport**** Quel est le terme utilisé lorsque l'on score 2 coups sous le par au golf ? Eagle (aigle)
22%
Astronomie**** Il est célèbre pour avoir développé et défendu la théorie de l'héliocentrisme Nicolas Copernic
22%
Mathématiques***** Quelle est la dérivée f' de la fonction f(x) = sin(x) ? cos(x)
21%
Inventions et découvertes***** Elle est crée par Alfred Nobel justement par hasard La dynamite
21%
Biologie* Le spécialiste des champignons Le mycologue
21%
Animaux**** Classe de mollusques comprenant les escargots, limaces et patelles Les gastéropodes
21%
Biologie**** La signification de ARN Acide ribonucléique
20%
Peinture *** Qui est Lisa Gherardini ? Mona Lisa
20%
Super-héros*** Le prénom de Doctor Strange Stephen
20%
Internet** Le troisième site web le plus visité au monde après Google et YouTube selon Alexa Internet, Inc. Facebook
18%
Internet***** Qu'est ce que le médium interactif par numérisation d'information téléphonique ? Le minitel
18%
Jeux vidéos***** Qui sont Altaïr, Ezio, Connor et Edward ? Des assassins
17%
Acteurs ** L'acteur qui fut le mieux payé de l'année 2019 Dwayne Johnson
17%
Histoire** Système d'écriture à base de traits en forme de clous mis au point en Basse Mésopotamie vers 3400 av. J.-C Écriture cunéiforme
17%
Super-héros** Quel pouvoir possède le professeur X ? Télépathie
17%
Astronomie*** Elle passe près de la Terre tout les 76 ans Comète de Halley
16%
Monuments célèbres***** À quel dieu hindoue est dédié le temple d'Angkor Vat ? Vishnou
16%
Jeux vidéos*** Quel jeu rétro sur borne d'arcade a comme principe de détruire des vagues d'alien en se déplaçant horizontalement ? Space Invaders
15%
Flore*** De quoi s'occupe un horticulteur ? D'un jardin
14%
Astronomie***** Comment appelle-t-on un homme d'origine chinoise envoyé dans l'espace ? Un taïkonaute
14%
Séries***** Qui joue Franck Underwood dans la série "House of Cards" ? Kevin Spacey
13%
Littérature* Sens du mot latin "litteratura" dérivé de "littera" La lettre
13%
Physique et chimie*** Le procédé de séparation d'un mélange de liquides possédants des températures d'ébullition différentes La distillation
12%
Dessins Animés *** Le nom du calamar dans bob l'éponge Carlo Tentacule
10%
Peinture***** Qu'est-ce qui est représenté sur le tableau "La trahison des images" ? Une pipe
10%
Physique et chimie***** Comment appelle t'on un groupe fonctionnel possédant une liaison -C(O)OH ? Un groupe Carboxyle
9%
Anatomie***** Terme utilisé pour désigner une fréquence cardiaque lente. Bradycardie
8%
Super-héros***** Qui est Jonathan Storm ? La torche humaine
6%
Littérature***** Question philosophique soulevée par Camus dans ses essais L'Absurde
5%
Mythologies***** Groupe des dieux primordiaux dans la mythologie nordique Les Ases
5%
Inventions et découvertes**** Terme employé pour désigner une découverte principalement dû au hasard ? Sérendipité
5%
Flore**** Élément de la fleur qui compose le calice et supporte la corolle Le sépale
4%
Acteurs***** Quel acteur italien à reçu en 1983 le césar du meilleur acteur pour une adaptation d'un roman de Victor Hugo ? Lino ventura
4%
Français **** Comment appelle-t-on des mots qui s'écrivent de la même manière et se prononcent ou non de façon différente ? Homographe
3%
Animaux***** Comment s'appelle le petit du singe ? La guenuche
3%
Mathématiques*** Quel objet mathématique possède une structure similaire à toutes les échelles ? Une fractale
3%
Internet *** Qui est l'ancêtre d'Internet ? Arpanet
2%
Jeux vidéos**** Les noms des fantômes dans Pac-Man sont Clyde, Inky, Pinky et.. ? Blinky
2%
Anatomie**** Quel système du corps humain comprend la structure de la peau, les poils et les ongles ? Le système tégumentaire
2%
Aucun quiz correspondant
Distribution des résultats
% des personnes avec chaque résultat
Percentile par nombre de réponses
Votre historique - résultats
Vous n’avez pas pris ce quiz